| 000 | 00796cam a22002535a 4500 | ||
|---|---|---|---|
| 001 | 017073032 | ||
| 003 | OSt | ||
| 005 | 20160424155559.0 | ||
| 008 | 150128s2015 nyua frb 001 0 eng d | ||
| 020 | _a9781107507425 (pbk.) | ||
| 040 |
_aStDuBDS _beng _cStDuBDS _dEG-ScBUE |
||
| 082 | 0 | 4 |
_a330.951 _222 _bSHE |
| 100 | 1 |
_aSheng, Yumin. _939896 |
|
| 245 | 1 | 0 |
_aEconomic openness and territorial politics in China / _cYumin Sheng. |
| 260 |
_aNew York : _bCambridge University Press, _c2015. |
||
| 300 |
_axx, 292 p. : _bill. ; _c23 cm. |
||
| 500 | _aIndex : p. 271-292. | ||
| 504 | _aBibliography : p. 245-269. | ||
| 650 | _2BUEsh | ||
| 651 | 7 |
_aChina _xForeign relations _y1976- _2BUEsh _99339 |
|
| 651 | 0 |
_aChina _xForeign economic relations. _2BUEsh |
|
| 653 |
_bBUSBOL _cApril2016 |
||
| 942 | _2ddc | ||
| 999 |
_c21679 _d21651 |
||